| 000 | 00567nam a22001817a 4500 | ||
|---|---|---|---|
| 005 | 20251108164338.0 | ||
| 008 | 250721s2000 xx 000 0 ara d | ||
| 082 | 1 | 4 | _a415/ز |
| 100 | 1 | _aالزبيدي، سعيد جاسم | |
| 245 | 1 | 0 | _aقضايا مطروحه للمناقشة في النحو و اللغة و النقد / |
| 264 | 1 |
_aعمان : _bدار أسامة للنشر، _c2000. |
|
| 300 | _a183ص | ||
| 650 | 1 | 7 | _aاللغة العربية |
| 650 | 1 | 7 | _aقواعد اللغة |
| 650 | 1 | 7 | _aالنقد الأدبي |
| 942 |
_2ddc _cBK |
||
| 999 |
_c9881 _d9881 |
||